000 00558nam a2200217Ia 4500
003 OSt
005 20220928140550.0
006 a|||||r|||| 00| 0
007 ta
008 220927b |||||||| |||| 00| 0 eng d
024 _a9408
037 _cTextual
040 _aSDCL
_cSDCL
_beng
041 _2eng
_aeng
082 _aD6,8(B2895),2, N5
100 _aShanley Tom Ed.
_9495881
245 0 _aPlng and play system architecture
260 _c1995
942 _hD6,8(B2895),2, N5
_cTEXL
_2CC
999 _c812127
_d812127